000 00460nam a22001577a 4500
005 20240823100405.0
008 240823b |||||||| |||| 00| 0 eng d
041 _aEnglish/Afrikaans
082 _a349 LAW
100 _lEnglish/Afrikaans
245 _aThe Laws of South Africa 1964
260 _aWindhoek:
_bBy Authority,
_c1964
300 _blxvii, 43 pages;
_c24 cm.
650 _aLegal practice
_bLaw
942 _cBK
_6ALISON_BN_VRIES
999 _c2836
_d2836